| 000 | 00389nam a22001217a 4500 | ||
|---|---|---|---|
| 082 | _a220 PRO | ||
| 100 |
_aDANIAL,HASSAN,ABDUL REHMAN _972028 |
||
| 245 | _aPR-SOF-1267-DESIGN AND FABRICATION OF STEERING AND SUSPENSION SYSTEM OF SAE MINI BAJA | ||
| 260 |
_aISLAMABAD _bNUST COLLEGE OF EME _c2013 |
||
| 650 |
_aDE-MECH-31 _972029 |
||
| 700 |
_aSUPERVISOR RAJA AMER AZIM _972030 |
||
| 942 | _cCR | ||
| 999 |
_c578244 _d578244 |
||